000 00701nam a2200241 i 4500
001 105755
003 ES-MaACL
007 t|
008 060818s1979 sp ||||1| spa d
020 _a84-85464-16-8
080 _a141.82(04)
100 1 _aBermudo Avila, José Manuel.
_928154
245 1 0 _aDe Gramsci a Althusser /
_cJ. M. Bermudo Avila.
250 _a1ª ed.
260 _aBarcelona :
_bHorsori,
_c1979.
300 _a253 p. ;
_c20 cm.
490 1 _aCuadernos para el análisis ;
_v1
500 _aBiblioteca Juan Andrade.
650 1 4 _aMarxismo.
_914803
830 0 _aCuadernos para el análisis ;
_v1
_9232771
852 _aES-MaACL
_jAND-560
_bR.109870
999 _c105755
_d105755